[Event "HUN-chT 2324"]
[Site "Hungary"]
[Date "2024.03.10"]
[Round "6.6"]
[White "Kovacs, Gabor H"]
[Black "Juhasz, Judit"]
[Result "1-0"]
[WhiteElo "2398"]
[BlackElo "1940"]
[PlyCount "69"]
[EventDate "2023.10.28"]
[EventType "team-tourn"]
[EventRounds "9"]
[EventCountry "HUN"]
[SourceTitle "CB16_2024"]
[SourceDate "2024.04.17"]
[SourceVersion "1"]
[SourceVersionDate "2024.04.17"]
[SourceQuality "1"]
[WhiteTeam "Haladas"]
[BlackTeam "Tapolca Varos"]
[WhiteTeamCountry "HUN"]
[BlackTeamCountry "HUN"]

1. c4 c5 2. Nf3 Nc6 3. e3 e5 4. d4 e4 5. Ne5 cxd4 6. Nxc6 dxc6 7. exd4 Nf6 8. Be2 Bb4+ 9. Nc3 0-0 10. 0-0 Bxc3 11. bxc3 Qa5 12. Rb1 Rd8 13. Be3 Be6 14. Rxb7 Qxa2 15. Rb4 Rab8 16. Qb1 Qxb1 17. Rfxb1 Rxb4 18. Rxb4 h6 19. h3 Nd7 20. c5 Nf6 21. c4 a5 22. Rb6 Ra8 23. Rxc6 a4 24. d5 a3 25. Bd4 a2 26. Ba1 Bf5 27. Rb6 Nd7 28. Rb5 Rb8 29. g4 Rxb5 30. cxb5 Bg6 31. c6 Nb6 32. d6 Kf8 33. d7 Ke7 34. Bxg7 Nd5 35. Bd4 1-0

[Event "Wch U20 Girls Blitz"]
[Site "Pula"]
[Date "2023.10.15"]
[Round "11"]
[White "Maione, Melissa"]
[Black "Juhasz, Judit"]
[Result "0-1"]
[WhiteElo "1931"]
[BlackElo "1940"]
[PlyCount "132"]
[EventDate "2023.10.14"]
[EventType "swiss (blitz)"]
[EventRounds "11"]
[EventCountry "ITA"]
[SourceTitle "Mega2024 Update 01"]
[Source "Chessbase"]
[SourceDate "2023.11.12"]
[SourceVersion "1"]
[SourceVersionDate "2023.11.12"]
[SourceQuality "1"]

1. e4 c5 2. Nf3 Nc6 3. d4 cxd4 4. Nxd4 Qb6 5. Nb3 Nf6 6. Nc3 e6 7. a3 a6 8. Be3 Qc7 9. Be2 b5 10. 0-0 Be7 11. f4 d6 12. Bf3 Bb7 13. Kh1 0-0 14. Nd2 Rac8 15. Qe1 b4 16. axb4 Nxb4 17. Qd1 d5 18. e5 Nd7 19. Nb3 Nc5 20. Nxc5 Bxc5 21. Bxc5 Qxc5 22. Rc1 a5 23. Qd2 Ba6 24. Rfd1 Rfd8 25. Na4 Qb5 26. Nc3 Qb6 27. Be2 Bc4 28. Bxc4 Rxc4 29. Na4 Qc7 30. c3 Na6 31. b3 Rc6 32. c4 Nb4 33. c5 d4 34. Rc4 d3 35. Qc3 h6 36. Nb6 Nd5 37. Nxd5 exd5 38. Rd4 Rxc5 39. Qxd3 Rc3 40. Qb1 Rb8 41. Rxd5 Rcxb3 42. Qe4 R3b4 43. Qd3 g6 44. Rd7 Qc4 45. Qd6 Qxf4 46. Rd8+ Rxd8 47. Qxd8+ Kg7 48. Qd6 Re4 49. h3 Qxe5 50. Qa3 Re1+ 51. Rxe1 Qxe1+ 52. Kh2 Qb4 53. Qa1+ Kh7 54. Qf6 Qb7 55. Qe5 Qa7 56. Kh1 a4 57. Qa1 a3 58. Kh2 a2 59. Kg3 Qa3+ 60. Kh2 Qb3 61. Qf6 Qb8+ 62. g3 Qb3 63. Kg2 Qc2+ 64. Kh1 Qb1+ 65. Kh2 a1Q 66. Qxf7+ Qg7 0-1

[Event "Wch U20 Girls Blitz"]
[Site "Pula"]
[Date "2023.10.14"]
[Round "1"]
[White "Juhasz, Judit"]
[Black "Nurgali, Nazerke"]
[Result "1/2-1/2"]
[WhiteElo "1940"]
[BlackElo "2222"]
[PlyCount "93"]
[EventDate "2023.10.14"]
[EventType "swiss (blitz)"]
[EventRounds "11"]
[EventCountry "ITA"]
[SourceTitle "Mega2024 Update 01"]
[Source "Chessbase"]
[SourceDate "2023.11.12"]
[SourceVersion "1"]
[SourceVersionDate "2023.11.12"]
[SourceQuality "1"]

1. e4 c5 2. Nf3 Nc6 3. d4 cxd4 4. Nxd4 Nf6 5. Nc3 e6 6. Ndb5 Bc5 7. Bf4 0-0 8. Bc7 Qe7 9. Bd6 Bxd6 10. Qxd6 Ne8 11. Qxe7 Nxe7 12. 0-0-0 Nc6 13. f4 a6 14. Nd6 Nxd6 15. Rxd6 b5 16. a3 Ra7 17. Be2 Rc7 18. Rhd1 Na5 19. Kb1 h6 20. Na2 Nc4 21. Bxc4 Rxc4 22. R1d4 Rxd4 23. Rxd4 Rd8 24. Nb4 d6 25. Kc1 Bb7 26. Kd2 Kf8 27. Ke3 Ke7 28. Nd3 f6 29. Nf2 Rc8 30. c3 d5 31. e5 fxe5 32. fxe5 Rf8 33. Rg4 g5 34. h4 Rf5 35. Nd3 Bc8 36. hxg5 hxg5 37. Rg3 Bd7 38. Rf3 Be8 39. Rxf5 exf5 40. Nc5 a5 41. Nb3 a4 42. Nd4 f4+ 43. Kf3 Bh5+ 44. Kf2 Be8 45. Kf3 Bh5+ 46. Kf2 Be8 47. Kf3 1/2-1/2

[Event "Wch U20 Girls Rapid"]
[Site "Pula"]
[Date "2023.10.12"]
[Round "10"]
[White "Balabayeva, Kseniya"]
[Black "Juhasz, Judit"]
[Result "1-0"]
[WhiteElo "2192"]
[BlackElo "1940"]
[PlyCount "75"]
[EventDate "2023.10.10"]
[EventType "swiss (rapid)"]
[EventRounds "11"]
[EventCountry "ITA"]
[SourceTitle "Mega2024 Update 01"]
[Source "Chessbase"]
[SourceDate "2023.11.12"]
[SourceVersion "1"]
[SourceVersionDate "2023.11.12"]
[SourceQuality "1"]

1. e4 c5 2. Nf3 Nc6 3. Bb5 g6 4. 0-0 Bg7 5. Re1 e5 6. Bxc6 bxc6 7. c3 Ne7 8. d4 cxd4 9. cxd4 exd4 10. Nxd4 0-0 11. Nc3 Rb8 12. e5 Qa5 13. Nb3 Qc7 14. Bf4 Rb4 15. Ne4 Nd5 16. Bg3 Qb6 17. Qd2 a5 18. Rab1 a4 19. Nbc5 Rc4 20. Rbc1 Rxc1 21. Rxc1 f5 22. exf6 Nxf6 23. Nd6 Nd5 24. Nxa4 Qa7 25. Nc3 Nxc3 26. bxc3 Ba6 27. c4 Qc5 28. Ne4 Qf5 29. f3 d5 30. Nd6 Qh5 31. cxd5 Bh6 32. f4 cxd5 33. Rc5 Bg7 34. Rxd5 Qg4 35. Ra5 Be2 36. Qd5+ Kh8 37. Nf7+ Rxf7 38. Qxf7 1-0

[Event "Wch U20 Girls Rapid"]
[Site "Pula"]
[Date "2023.10.11"]
[Round "7"]
[White "Juhasz, Judit"]
[Black "Hryzlova, Sofiia"]
[Result "1-0"]
[WhiteElo "1940"]
[BlackElo "2215"]
[PlyCount "91"]
[EventDate "2023.10.10"]
[EventType "swiss (rapid)"]
[EventRounds "11"]
[EventCountry "ITA"]
[SourceTitle "Mega2024 Update 01"]
[Source "Chessbase"]
[SourceDate "2023.11.12"]
[SourceVersion "1"]
[SourceVersionDate "2023.11.12"]
[SourceQuality "1"]

1. e4 d6 2. d4 Nf6 3. Nc3 e5 4. dxe5 dxe5 5. Qxd8+ Kxd8 6. Bg5 Nbd7 7. Bc4 Ke8 8. 0-0-0 a6 9. a4 Bd6 10. Nge2 h6 11. Bh4 Rg8 12. f3 g5 13. Bf2 Nf8 14. Rhe1 Be6 15. Bd5 Bxd5 16. Nxd5 Nxd5 17. exd5 Kd7 18. Ng3 b5 19. Nf5 Rh8 20. Re4 Ng6 21. g3 f6 22. b3 b4 23. Nxd6 Kxd6 24. Rxb4 Ne7 25. c4 Rhb8 26. c5+ Kd7 27. Rxb8 Rxb8 28. Kc2 h5 29. Kc3 g4 30. f4 exf4 31. gxf4 Nf5 32. b4 h4 33. c6+ Ke7 34. Rg1 Rg8 35. b5 axb5 36. axb5 Nd6 37. Bc5 g3 38. Re1+ Kd8 39. Bxd6 cxd6 40. hxg3 hxg3 41. b6 g2 42. b7 Kc7 43. Rg1 Rg4 44. Kd3 f5 45. Ke3 Kb8 46. Kf3 1-0

[Event "Wch U20 Girls Rapid"]
[Site "Pula"]
[Date "2023.10.10"]
[Round "3"]
[White "Juhasz, Judit"]
[Black "Cassi, Elisa"]
[Result "0-1"]
[WhiteElo "1940"]
[BlackElo "1951"]
[PlyCount "84"]
[EventDate "2023.10.10"]
[EventType "swiss (rapid)"]
[EventRounds "11"]
[EventCountry "ITA"]
[SourceTitle "Mega2024 Update 01"]
[Source "Chessbase"]
[SourceDate "2023.11.12"]
[SourceVersion "1"]
[SourceVersionDate "2023.11.12"]
[SourceQuality "1"]

1. e4 c6 2. d4 d5 3. e5 c5 4. dxc5 Nc6 5. a3 Nxe5 6. b4 Nf6 7. Bb2 Qc7 8. h3 g6 9. Qe2 Ned7 10. Nc3 Bh6 11. Nb5 Qd8 12. Nd6+ Kf8 13. Nxc8 Rxc8 14. Nf3 Bg7 15. Rd1 Qc7 16. Qe3 b6 17. cxb6 Nxb6 18. Ba6 Nc4 19. Bxc4 Qxc4 20. Bd4 Ne4 21. Bxg7+ Kxg7 22. Rd4 Qxc2 23. 0-0 e6 24. Rdd1 Qc3 25. Qxa7 Ra8 26. Qb7 Rxa3 27. Rc1 Qf6 28. Nh2 Rc3 29. Ng4 Qg5 30. Rxc3 Nxc3 31. Re1 Ne4 32. Qb6 h5 33. Ne3 Qf6 34. Rf1 Rc8 35. b5 d4 36. Qb7 dxe3 37. Qxc8 e2 38. Qc1 exf1Q+ 39. Qxf1 Qb2 40. Qe1 Nd6 41. b6 Qxb6 42. Qe5+ Kh7 0-1

[Event "HUN-chT U18"]
[Site "Budapest"]
[Date "2022.11.03"]
[Round "7.1"]
[White "Gergely, Daniel1111"]
[Black "Juhasz, Judit"]
[Result "1-0"]
[WhiteElo "2070"]
[BlackElo "1968"]
[PlyCount "131"]
[EventDate "2022.10.31"]
[EventType "team-swiss"]
[EventRounds "7"]
[EventCountry "HUN"]
[SourceTitle "CBM 211 Extra"]
[Source "ChessBase"]
[SourceDate "2023.01.31"]
[SourceVersion "1"]
[SourceVersionDate "2023.01.31"]
[SourceQuality "1"]
[WhiteTeam "Budapest MTK II"]
[BlackTeam "Tapolca VSE"]
[WhiteTeamCountry "HUN"]
[BlackTeamCountry "HUN"]

1. d4 Nf6 2. c4 g6 3. Nc3 Bg7 4. e4 d6 5. Be2 0-0 6. Bg5 Na6 7. Qd2 e5 8. d5 Qe8 9. f3 Nd7 10. g4 Nb6 11. h4 f5 12. gxf5 gxf5 13. Be3 f4 14. Bf2 Qh5 15. 0-0-0 Bd7 16. Nh3 h6 17. Rdg1 Rf6 18. Qd1 Be8 19. Qf1 Nd7 20. Rg4 Nf8 21. Qg2 Rg6 22. Rxg6 Qxg6 23. Qh2 c6 24. Rg1 Qf6 25. Kb1 Nc7 26. Be1 cxd5 27. cxd5 b5 28. Nf2 Kh7 29. Nd3 a5 30. a3 Nd7 31. Qf2 Bf8 32. Qf1 Nb6 33. Nc1 Bg6 34. Bd3 Kh8 35. Bf2 Rb8 36. Bxb6 Rxb6 37. Nxb5 Na6 38. Qe1 Bh5 39. Qxa5 Qd8 40. Be2 Qb8 41. Qc3 Nc5 42. Qc4 Be8 43. a4 Nxa4 44. Qxa4 Bxb5 45. Bxb5 Rxb5 46. Qc2 Qa7 47. Rg6 Rc5 48. Qg2 Bg7 49. Nb3 Rb5 50. Nc1 Ra5 51. Nb3 Rb5 52. Qc2 Qb8 53. Nc1 Kh7 54. h5 Rc5 55. Qa4 Rb5 56. b3 Bf8 57. Qc4 Be7 58. Kb2 Rc5 59. Qa4 Rb5 60. Re6 Rb7 61. Qc4 Qa7 62. Qc3 Qf2+ 63. Kb1 Qa7 64. Qc8 Bg5 65. Re8 Bf6 66. Qf5+ 1-0

[Event "HUN-chT U18"]
[Site "Budapest"]
[Date "2022.11.02"]
[Round "5.1"]
[White "Varga, Gabor"]
[Black "Juhasz, Judit"]
[Result "1-0"]
[WhiteElo "2032"]
[BlackElo "1968"]
[PlyCount "65"]
[EventDate "2022.10.31"]
[EventType "team-swiss"]
[EventRounds "7"]
[EventCountry "HUN"]
[SourceTitle "CBM 211 Extra"]
[Source "ChessBase"]
[SourceDate "2023.01.31"]
[SourceVersion "1"]
[SourceVersionDate "2023.01.31"]
[SourceQuality "1"]
[WhiteTeam "Meritum Egyesuelet"]
[BlackTeam "Tapolca VSE"]
[WhiteTeamCountry "HUN"]
[BlackTeamCountry "HUN"]

1. e4 c5 2. Nf3 a6 3. d4 cxd4 4. Nxd4 Nf6 5. Nc3 e5 6. Nb3 Bb4 7. Bd3 d5 8. exd5 Nxd5 9. Bd2 Nxc3 10. bxc3 Bd6 11. Qh5 Nd7 12. 0-0 Nf6 13. Qh4 Qc7 14. Rae1 Be6 15. f4 exf4 16. Nd4 Qc5 17. Kh1 g5 18. Qh6 Be7 19. Nxe6 fxe6 20. Rxe6 0-0-0 21. Rxf6 Bxf6 22. Qxf6 Rhf8 23. Qe6+ Kb8 24. Rb1 Ka7 25. Qe2 h5 26. Be1 Ka8 27. Bxa6 Rd7 28. Bf2 Qd5 29. Bxb7+ Rxb7 30. Qa6+ Kb8 31. Qa7+ Kc7 32. Rxb7+ Qxb7 33. Qc5+ 1-0

[Event "HUN-chT U18"]
[Site "Budapest"]
[Date "2022.11.01"]
[Round "2.1"]
[White "Juhasz, Judit"]
[Black "Pasztor, Balazs"]
[Result "0-1"]
[WhiteElo "1968"]
[BlackElo "2344"]
[PlyCount "132"]
[EventDate "2022.10.31"]
[EventType "team-swiss"]
[EventRounds "7"]
[EventCountry "HUN"]
[SourceTitle "CBM 211 Extra"]
[Source "ChessBase"]
[SourceDate "2023.01.31"]
[SourceVersion "1"]
[SourceVersionDate "2023.01.31"]
[SourceQuality "1"]
[WhiteTeam "Tapolca VSE"]
[BlackTeam "Geniusz Tata"]
[WhiteTeamCountry "HUN"]
[BlackTeamCountry "HUN"]

1. e4 c5 2. Nf3 d6 3. d4 cxd4 4. Nxd4 Nf6 5. Nc3 a6 6. Be3 e5 7. Nb3 Be6 8. f3 Be7 9. Qd2 h5 10. 0-0-0 Nbd7 11. Nd5 Bxd5 12. exd5 Rc8 13. Qa5 0-0 14. Kb1 Re8 15. Be2 g6 16. c4 Nc5 17. Qxd8 Rexd8 18. Nxc5 dxc5 19. f4 Bd6 20. Rhf1 exf4 21. Bxf4 Bxf4 22. Rxf4 Ne8 23. h3 Rc7 24. g4 Re7 25. Bd3 hxg4 26. hxg4 Kg7 27. Rdf1 Nd6 28. b4 Rc8 29. Rc1 b6 30. bxc5 Rxc5 31. Rc2 Re3 32. Rd4 Kf6 33. Be2 Ke5 34. Rdd2 Ne4 35. Rd3 Rxd3 36. Bxd3 Nd6 37. Kb2 Kd4 38. Bf1 Rc8 39. Rc3 Rh8 40. Rd3+ Kc5 41. Rf3 Rh4 42. Rg3 Rh2+ 43. Ka3 Rf2 44. Bd3 g5 45. Kb3 a5 46. a4 Rf4 47. Be2 Ne4 48. Rd3 Kd6 49. Kc2 Nc5 50. Ra3 f6 51. Ra2 Re4 52. Kd1 Re3 53. Kd2 Rg3 54. Ke1 Ke5 55. Kf1 Rb3 56. Kg2 Rb4 57. Ra3 Rxa4 58. Re3+ Kd6 59. Re8 Rb4 60. Rd8+ Ke7 61. Rc8 a4 62. Rc7+ Kd6 63. Rc6+ Ke7 64. Rc7+ Kd6 65. Rc6+ Ke5 66. Rc8 a3 0-1

[Event "Wch U18 Girls"]
[Site "Mamaia"]
[Date "2022.09.15"]
[Round "10"]
[White "Lehaci, Miruna Daria"]
[Black "Juhasz, Judit"]
[Result "1-0"]
[WhiteElo "2199"]
[BlackElo "1995"]
[PlyCount "117"]
[EventDate "2022.09.06"]
[EventType "swiss"]
[EventRounds "11"]
[EventCountry "ROU"]
[SourceTitle "CBM 210 Extra"]
[Source "ChessBase"]
[SourceDate "2022.11.30"]
[SourceVersion "1"]
[SourceVersionDate "2022.11.30"]
[SourceQuality "1"]

1. e4 c5 2. Nf3 Nc6 3. Bc4 e6 4. 0-0 Nf6 5. Re1 Nxe4 6. Rxe4 d5 7. Bxd5 Qxd5 8. Nc3 Qf5 9. d4 cxd4 10. Nxd4 Nxd4 11. Rxd4 Be7 12. Rf4 Qc5 13. Be3 Qc6 14. Qg4 0-0 15. Rc4 f5 16. Rxc6 fxg4 17. Rc4 h5 18. Nb5 b6 19. Rc7 Bf6 20. Rxa7 Rxa7 21. Nxa7 Bd7 22. Rd1 Rf7 23. Bxb6 Bxb2 24. c4 e5 25. Nb5 Bc6 26. a4 Rf4 27. c5 Rxa4 28. Na7 Be4 29. c6 Bxc6 30. Nxc6 Ra6 31. Ne7+ Kf7 32. Nd5 Ra1 33. Rxa1 Bxa1 34. Ba5 Bd4 35. Bc3 Bc5 36. Kf1 g6 37. Ke2 Ke6 38. Nc7+ Kf5 39. Na6 Bb6 40. Bd2 h4 41. Be3 Bd8 42. Nc5 Be7 43. Kd3 h3 44. g3 Bd8 45. Ne4 Bc7 46. Nc5 Bb6 47. Nb3 Bd8 48. Nd2 Ba5 49. Bc5 Bd8 50. Nc4 Bc7 51. Ke3 Bd8 52. Nd6+ Ke6 53. Ke4 Be7 54. Nb7 Bg5 55. Be3 Bf6 56. Nc5+ Kd6 57. Nd3 Ke6 58. Ba7 Bg7 59. Bb8 1-0

[Event "EU-ch Hybrid U18 Girls"]
[Site "Tornelo INT"]
[Date "2021.10.15"]
[Round "7"]
[White "Hajiyeva, Laman"]
[Black "Juhasz, Judit"]
[Result "1-0"]
[WhiteElo "1974"]
[BlackElo "2047"]
[PlyCount "101"]
[EventDate "2021.10.15"]
[EventType "swiss"]
[EventRounds "9"]
[EventCountry "NET"]
[SourceTitle "EXT 2023"]
[Source "ChessBase"]
[SourceDate "2022.10.05"]
[SourceVersion "1"]
[SourceVersionDate "2022.10.05"]
[SourceQuality "1"]
[WhiteTeam "Azerbaijan"]
[BlackTeam "Hungary"]
[WhiteTeamCountry "AZE"]
[BlackTeamCountry "HUN"]

1. d4 Nf6 2. Nf3 g6 3. Nbd2 Bg7 4. e4 d6 5. Bd3 0-0 6. 0-0 c5 7. dxc5 dxc5 8. e5 Nd5 9. Nb3 Nc6 10. Be4 Ndb4 11. c3 c4 12. Nc5 Nd3 13. Nxd3 cxd3 14. Bf4 Bg4 15. Bxc6 bxc6 16. h3 Be6 17. Nd4 c5 18. Nxe6 fxe6 19. Qd2 Qd5 20. Bg3 Rf5 21. f4 Bh6 22. Rad1 c4 23. b3 Qc5+ 24. Bf2 Qa3 25. Be3 cxb3 26. axb3 Qxb3 27. g4 Rff8 28. g5 Bg7 29. Qxd3 Rac8 30. Bd4 a5 31. Rb1 Qd5 32. Ra1 Rf5 33. Qf3 Qb5 34. Rf2 Rcf8 35. Qe3 a4 36. Qc1 Qd3 37. Qe3 Qc4 38. Kh2 h6 39. h4 hxg5 40. hxg5 Kf7 41. Kg3 Rh8 42. Rfa2 Ra8 43. Qf3 Ra5 44. Qe2 Qd5 45. Rxa4 Rxa4 46. Rxa4 Qh1 47. Ra2 Qc1 48. Qe3 Qf1 49. Ra8 Qh1 50. Rb8 Bh6 51. Rh8 1-0

[Event "EU-ch Hybrid U18 Girls"]
[Site "Tornelo INT"]
[Date "2021.10.15"]
[Round "4"]
[White "Juhasz, Judit"]
[Black "Bilic, Marijana"]
[Result "1-0"]
[WhiteElo "2047"]
[BlackElo "1841"]
[PlyCount "51"]
[EventDate "2021.10.15"]
[EventType "swiss"]
[EventRounds "9"]
[EventCountry "NET"]
[SourceTitle "EXT 2023"]
[Source "ChessBase"]
[SourceDate "2022.10.05"]
[SourceVersion "1"]
[SourceVersionDate "2022.10.05"]
[SourceQuality "1"]
[WhiteTeam "Hungary"]
[BlackTeam "Serbia"]
[WhiteTeamCountry "HUN"]
[BlackTeamCountry "SRB"]

1. e4 c5 2. Nf3 e6 3. d4 cxd4 4. Nxd4 Nf6 5. Nc3 d6 6. Be2 Be7 7. 0-0 0-0 8. Be3 Nc6 9. f4 a6 10. Kh1 Nxd4 11. Bxd4 b5 12. a3 Bb7 13. Bd3 Qc7 14. Qe1 e5 15. fxe5 dxe5 16. Qg3 Nd7 17. Be3 Kh8 18. Rf5 Bc5 19. Bd2 Rae8 20. Raf1 Nb6 21. Rh5 Qd6 22. b4 Bd4 23. Nd5 Nc4 24. Nf6 gxf6 25. Rxh7+ Kxh7 26. Rf5 1-0

[Event "Budapest Vezerkepzo IM 6th"]
[Site "Budapest"]
[Date "2021.06.21"]
[Round "7"]
[White "Juhasz, Judit"]
[Black "Borhy, Marcell Boldizsar"]
[Result "1/2-1/2"]
[WhiteElo "2069"]
[BlackElo "2383"]
[PlyCount "36"]
[EventDate "2021.06.15"]
[EventType "tourn"]
[EventRounds "9"]
[EventCountry "HUN"]
[EventCategory "1"]
[SourceTitle "CBM 203 Extra"]
[Source "ChessBase"]
[SourceDate "2021.09.30"]
[SourceVersion "1"]
[SourceVersionDate "2021.09.30"]
[SourceQuality "1"]

1. b3 a5 2. a4 e5 3. Bb2 d6 4. d3 f5 5. Nd2 Nf6 6. e4 Be7 7. g3 fxe4 8. dxe4 0-0 9. Bg2 Be6 10. Ne2 Nbd7 11. 0-0 c6 12. f4 exf4 13. Nxf4 Bf7 14. Kh1 Qc7 15. Nd3 Rfe8 16. g4 h6 17. Qf3 Bf8 18. Qg3 Rac8 1/2-1/2

[Event "Budapest Vezerkepzo IM 6th"]
[Site "Budapest"]
[Date "2021.06.18"]
[Round "4"]
[White "Juhasz, Judit"]
[Black "O'Donnell, Conor"]
[Result "0-1"]
[WhiteElo "2069"]
[BlackElo "2331"]
[PlyCount "66"]
[EventDate "2021.06.15"]
[EventType "tourn"]
[EventRounds "9"]
[EventCountry "HUN"]
[EventCategory "1"]
[SourceTitle "CBM 203 Extra"]
[Source "ChessBase"]
[SourceDate "2021.09.30"]
[SourceVersion "1"]
[SourceVersionDate "2021.09.30"]
[SourceQuality "1"]

1. e4 c6 2. d4 d5 3. e5 Bf5 4. h4 h5 5. Bd3 Bxd3 6. Qxd3 Qa5+ 7. Nd2 e6 8. Ngf3 Nh6 9. 0-0 Nf5 10. c4 Be7 11. g3 0-0 12. b3 Rd8 13. Qc2 c5 14. cxd5 Rxd5 15. Nc4 Qa6 16. dxc5 Bxc5 17. Be3 Qc6 18. Bxc5 Qxc5 19. Rfd1 Nc6 20. Rxd5 Qxd5 21. Qd1 Ncd4 22. Ng5 f6 23. exf6 gxf6 24. Nh3 Rd8 25. Nd2 Qe5 26. Qe1 Nc2 27. Qxe5 fxe5 28. Rd1 e4 29. Ng5 e3 30. fxe3 Nfxe3 31. Nxe6 Rd6 32. Rc1 Rxd2 33. Nf4 Nd4 0-1

[Event "Budapest Vezerkepzo IM 2nd"]
[Site "Budapest"]
[Date "2021.04.20"]
[Round "7"]
[White "Konyves, Almos"]
[Black "Juhasz, Judit"]
[Result "1-0"]
[WhiteElo "2120"]
[BlackElo "2153"]
[PlyCount "45"]
[EventDate "2021.04.14"]
[EventType "tourn"]
[EventRounds "9"]
[EventCountry "HUN"]
[EventCategory "1"]
[SourceTitle "CBM 202 Extra"]
[Source "ChessBase"]
[SourceDate "2021.07.31"]
[SourceVersion "1"]
[SourceVersionDate "2021.07.31"]
[SourceQuality "1"]

1. d4 Nf6 2. c4 g6 3. Nc3 Bg7 4. e4 d6 5. Be2 0-0 6. Nf3 Bg4 7. Be3 Nfd7 8. Qd2 e5 9. d5 f5 10. exf5 gxf5 11. Bg5 Qe8 12. h3 Bxf3 13. gxf3 f4 14. Rg1 Qh5 15. Rg4 Rf5 16. Ne4 h6 17. Bh4 Kh8 18. 0-0-0 Na6 19. Rdg1 Rg8 20. Bd3 Qe8 21. Nxd6 cxd6 22. Bxf5 Nab8 23. Be6 1-0

[Event "Budapest Vezerkepzo IM 2nd"]
[Site "Budapest"]
[Date "2021.04.19"]
[Round "6"]
[White "Juhasz, Judit"]
[Black "Pacher, Milan"]
[Result "1-0"]
[WhiteElo "2153"]
[BlackElo "2435"]
[PlyCount "123"]
[EventDate "2021.04.14"]
[EventType "tourn"]
[EventRounds "9"]
[EventCountry "HUN"]
[EventCategory "1"]
[SourceTitle "CBM 202 Extra"]
[Source "ChessBase"]
[SourceDate "2021.07.31"]
[SourceVersion "1"]
[SourceVersionDate "2021.07.31"]
[SourceQuality "1"]

1. e4 c5 2. Nf3 d6 3. d4 cxd4 4. Nxd4 Nf6 5. Nc3 a6 6. Be3 e6 7. Be2 Be7 8. 0-0 0-0 9. f4 Nc6 10. Qe1 Nxd4 11. Bxd4 b5 12. a3 Bb7 13. Qg3 g6 14. Bf3 Rc8 15. Rad1 Rc4 16. Kh1 Qa8 17. Rfe1 Rfc8 18. Rd3 b4 19. Na4 Nd7 20. axb4 Rxb4 21. Nc3 Rxb2 22. Nd5 exd5 23. Bxb2 dxe4 24. Rd2 Bf6 25. Bg4 Bxb2 26. Bxd7 Rc3 27. Qg5 Rc5 28. Qe7 Qf8 29. Qxf8+ Kxf8 30. Rb1 Bc3 31. Rxd6 Bd5 32. Bg4 a5 33. Rb8+ Kg7 34. Be2 Bb4 35. Bd1 e3 36. Re8 Bd2 37. Re5 Rb5 38. Rexd5 Rb1 39. Rxd2 exd2 40. Rxd2 a4 41. g3 a3 42. c4 a2 43. Rxa2 Rxd1+ 44. Kg2 Rc1 45. Ra4 Rc2+ 46. Kf3 Rxh2 47. Ke4 Rc2 48. Kd4 Kf6 49. Ra3 h5 50. Re3 g5 51. fxg5+ Kxg5 52. c5 Kg4 53. Rc3 Re2 54. c6 Re8 55. Kd5 f5 56. c7 Rc8 57. Kd6 f4 58. gxf4 h4 59. Rc4 Rh8 60. Kd7 Rh7+ 61. Kc6 Rh8 62. Kb7 1-0

[Event "Hello Sakk Cup Tal"]
[Site "Tornelo INT"]
[Date "2021.03.20"]
[Round "4"]
[White "Juhasz, Judit"]
[Black "Persanyi, Barnabas"]
[Result "0-1"]
[WhiteElo "2153"]
[BlackElo "2364"]
[PlyCount "140"]
[EventDate "2021.03.20"]
[EventType "tourn (rapid)"]
[EventRounds "7"]
[EventCountry "HUN"]
[SourceTitle "CBM 201 Extra"]
[Source "ChessBase"]
[SourceDate "2021.05.31"]
[SourceVersion "1"]
[SourceVersionDate "2021.05.31"]
[SourceQuality "1"]

1. e4 b6 2. d4 Bb7 3. Bd3 e6 4. Nc3 Bb4 5. Nge2 Nf6 6. 0-0 d5 7. e5 Nfd7 8. a3 Be7 9. f4 g6 10. Kh1 h5 11. g3 Ba6 12. Be3 c5 13. Bxa6 Nxa6 14. Qd3 Qc8 15. Rad1 c4 16. Qd2 Qc6 17. a4 Nc7 18. h3 a6 19. Ra1 0-0-0 20. b3 Kb8 21. Kh2 Rc8 22. Qe1 Ne8 23. Bc1 cxb3 24. cxb3 Bb4 25. Bd2 Ng7 26. Qf2 Qb7 27. Rfc1 Rc6 28. Ne4 Bxd2 29. Nxd2 Rhc8 30. Qe1 Nf5 31. Rxc6 Rxc6 32. Rc1 Qc8 33. Nf3 Rc2 34. Kg1 Rxc1 35. Qxc1 Qxc1+ 36. Nxc1 Nxg3 37. Kg2 Nf5 38. Ne2 Kc7 39. Ng5 Nh6 40. Nc3 Kd8 41. Kg3 Nf5+ 42. Kf2 Nxd4 43. Nxf7+ Ke7 44. Nd6 Nxb3 45. Ke2 Nd4+ 46. Kd3 Nc6 47. Kd2 g5 48. fxg5 Ncxe5 49. Nc8+ Kd8 50. Na7 Nf3+ 51. Ke2 Nxg5 52. Nc6+ Kc7 53. Nb4 a5 54. Nb5+ Kb8 55. Nc6+ Kb7 56. Nd8+ Kc8 57. Nc6 Nxh3 58. Kf3 Ng5+ 59. Kg3 Ne4+ 60. Kh4 Ndf6 61. Ne7+ Kd7 62. Ng6 Kc6 63. Ne5+ Kc5 64. Nd3+ Kc4 65. Nf4 e5 66. Ng6 Nd7 67. Kxh5 Nc3 68. Nd6+ Kc5 69. Nb7+ Kb4 70. Ne7 Kxa4 0-1

[Event "Hello Sakk Cup Botvinnik"]
[Site "Tornelo INT"]
[Date "2021.02.20"]
[Round "2"]
[White "Juhasz, Judit"]
[Black "Kovacsy, Barnabas"]
[Result "0-1"]
[WhiteElo "2037"]
[BlackElo "2306"]
[PlyCount "60"]
[EventDate "2021.02.20"]
[EventType "tourn (rapid)"]
[EventRounds "7"]
[EventCountry "HUN"]
[SourceTitle "CBM 200 Extra"]
[Source "ChessBase"]
[SourceDate "2021.03.31"]
[SourceVersion "1"]
[SourceVersionDate "2021.03.31"]
[SourceQuality "1"]

1. e4 c5 2. Nf3 e6 3. d4 cxd4 4. Nxd4 Nc6 5. Nc3 Qc7 6. Be2 a6 7. 0-0 b5 8. Be3 Bb7 9. a3 Nf6 10. f4 Bc5 11. Kh1 Qb6 12. Nxc6 Bxe3 13. Ne5 d6 14. Ng4 Nxg4 15. Bxg4 Bd4 16. f5 Bxc3 17. bxc3 exf5 18. exf5 0-0 19. f6 Rfe8 20. Bf5 Qc6 21. Qg4 g6 22. Bd7 Qe4 23. Qh3 Re5 24. Bg4 Qe3 25. Bf3 Bxf3 26. Qxf3 Rae8 27. h3 Qxf3 28. Rxf3 Re2 29. Rd1 Rxc2 30. Rxd6 h5 0-1

[Event "Hello Sakk Cup Botvinnik"]
[Site "Tornelo INT"]
[Date "2021.02.20"]
[Round "1"]
[White "Koltai, Dora"]
[Black "Juhasz, Judit"]
[Result "0-1"]
[WhiteElo "1924"]
[BlackElo "2037"]
[PlyCount "104"]
[EventDate "2021.02.20"]
[EventType "tourn (rapid)"]
[EventRounds "7"]
[EventCountry "HUN"]
[SourceTitle "CBM 200 Extra"]
[Source "ChessBase"]
[SourceDate "2021.03.31"]
[SourceVersion "1"]
[SourceVersionDate "2021.03.31"]
[SourceQuality "1"]

1. e4 c5 2. Nf3 Nc6 3. d4 cxd4 4. Nxd4 Qb6 5. Nb3 Nf6 6. Nc3 e6 7. a3 a6 8. Bf4 Na5 9. e5 Nxb3 10. cxb3 Nd5 11. Nxd5 exd5 12. Qxd5 Bc5 13. Bg3 0-0 14. Bc4 d6 15. 0-0 Be6 16. Qe4 Bxc4 17. bxc4 dxe5 18. Bxe5 Rfe8 19. Qf4 a5 20. Rad1 Qe6 21. Bc3 Qg6 22. Rd5 Bf8 23. Rg5 Qe6 24. Qd4 f6 25. Qxf6 Qxf6 26. Bxf6 Re4 27. b3 h6 28. Rg3 Kf7 29. Bc3 a4 30. Bb2 axb3 31. Rxb3 Ra7 32. Rc1 Ke6 33. Rb6+ Kd7 34. g3 Bc5 35. Rd1+ Kc7 36. Rg6 Re7 37. Rxg7 Rxg7 38. Bxg7 Rxa3 39. Bxh6 Ra2 40. Bf4+ Kc6 41. Rf1 Bd4 42. h4 Kc5 43. Be3 Bxe3 44. fxe3 Kxc4 45. h5 b5 46. h6 Ra7 47. g4 b4 48. g5 Ra5 49. Rf4+ Kc3 50. Rg4 b3 51. h7 Ra8 52. g6 b2 0-1